Guess The Restaraunt! #4 - Statistics

General Stats
  • This quiz has been taken 29 times
  • The average score is 11 of 20
Answer Stats
Picture Answer % Correct
Krispy Kreme
92%
BJ's
80%
Cinnabon
80%
Dave & Buster's
80%
Golden Corral
72%
Red Robin
68%
Bojangles
64%
Buca
60%
Sizzler's
60%
Shake Shack
56%
Joe's Crab Shack
52%
Church's
44%
Jamba Juice
44%
Boston Market
40%
Rubio's
36%
Sbarro
36%
Menchies
28%
Yogurtland
28%
Donut King
24%
Waba Grill
24%
No matching quizzes found
Score Distribution
Percent of People with Each Score
Percentile by Number Answered
Your Score History
You have not taken this quiz